=LDR 00000nam 2200000 4500 =001 INLIS000000000809772 =008 ###################################ind## =035 ##$$a 0010-0825000265 =245 ##$$a Gunung Meletus Dan Antisipasinya / $c Dewayani =260 ##$$b Aneka Ilmu =020 ##$$a 9789790481695 =084 ##$$a 574 YAN g =520 ##$$a Gunung berapi, gempa bumi, air dan gas termal =082 ##$$a 574